[Event "Wloclawek CC Classic 23rd"]
[Site "Wloclawek"]
[Date "2019.??.??"]
[Round "3"]
[White "Lapinski, Jerzy"]
[Black "Milecki, Robert"]
[Result "1/2-1/2"]
[WhiteElo "1258"]
[BlackElo "1507"]
[PlyCount "72"]
[EventDate "2019.06.??"]
[EventType "swiss"]
[EventRounds "7"]
[EventCountry "POL"]
[SourceTitle "EXT 2021"]
[Source "ChessBase"]
[SourceDate "2020.10.23"]
[SourceVersion "1"]
[SourceVersionDate "2020.10.23"]
[SourceQuality "1"]

1. d4 b5 2. Nf3 Bb7 3. Nbd2 e6 4. e4 a6 5. Bd3 Nf6 6. 0-0 c5 7. c3 Be7 8. e5 Nd5 9. Ne4 cxd4 10. cxd4 0-0 11. Nd6 Bxd6 12. exd6 Qb6 13. Bg5 Qxd6 14. Rc1 Nc6 15. Bb1 Nce7 16. Bh4 Ng6 17. Qd3 Ndf4 18. Bg3 Nxd3 19. Bxd6 Nxc1 20. Rxc1 Rfc8 21. Re1 Bd5 22. Ne5 Nxe5 23. dxe5 Rc6 24. f3 Rac8 25. Kf2 Rc1 26. Ke2 R8c6 27. Kd2 Rxe1 28. Kxe1 Rc4 29. a3 Rh4 30. h3 Rc4 31. Kd2 Rc6 32. Bd3 h6 33. b4 f6 34. Bg6 f5 35. Be8 Rxd6 36. exd6 Bc6 1/2-1/2

[Event "Wloclawek-ch"]
[Site "Wloclawek"]
[Date "2019.??.??"]
[Round "5"]
[White "Lapinski, Jerzy"]
[Black "Sliwa, Krzysztof"]
[Result "1-0"]
[WhiteElo "1314"]
[BlackElo "1110"]
[PlyCount "69"]
[EventDate "2019.09.??"]
[EventType "swiss"]
[EventRounds "9"]
[EventCountry "POL"]
[SourceTitle "EXT 2021"]
[Source "ChessBase"]
[SourceDate "2020.10.23"]
[SourceVersion "1"]
[SourceVersionDate "2020.10.23"]
[SourceQuality "1"]

1. d4 Nf6 2. Nf3 g6 3. Bf4 Bg7 4. h3 0-0 5. e3 d6 6. c4 Nbd7 7. Bd3 c5 8. 0-0 a6 9. a4 Rb8 10. Nbd2 e5 11. dxe5 Nxe5 12. Be2 Nfd7 13. Qc2 b6 14. Rfd1 f5 15. Nf1 Qe7 16. Rd2 Bb7 17. N1h2 Rfd8 18. Rad1 Nxf3+ 19. Nxf3 Ne5 20. Ne1 Ba8 21. Kf1 Qc7 22. Bf3 Rd7 23. Bd5+ Bxd5 24. Rxd5 Rbd8 25. b3 Kf7 26. Nd3 Ke6 27. Bg5 Bf6 28. Nf4+ Kf7 29. Bh6 Nc6 30. e4 Nb4 31. Qe2 Nxd5 32. Nxd5 Qb7 33. exf5 Re8 34. Qf3 g5 35. Qh5+ 1-0

[Event "Wloclawek-ch"]
[Site "Wloclawek"]
[Date "2019.??.??"]
[Round "6"]
[White "Wojcik, Bartlomiej"]
[Black "Lapinski, Jerzy"]
[Result "0-1"]
[WhiteElo "1100"]
[BlackElo "1314"]
[PlyCount "68"]
[EventDate "2019.09.??"]
[EventType "swiss"]
[EventRounds "9"]
[EventCountry "POL"]
[SourceTitle "EXT 2021"]
[Source "ChessBase"]
[SourceDate "2020.10.23"]
[SourceVersion "1"]
[SourceVersionDate "2020.10.23"]
[SourceQuality "1"]

1. e4 c6 2. d4 d5 3. e5 Bf5 4. Bd3 Bxd3 5. Qxd3 e6 6. Nf3 c5 7. Qb5+ Qd7 8. Nc3 a6 9. Qxd7+ Nxd7 10. Ne2 cxd4 11. Nexd4 Bc5 12. c3 b5 13. a3 Ne7 14. 0-0 0-0 15. Re1 Rfc8 16. Be3 Ng6 17. Bd2 Ba7 18. Rad1 Nb6 19. b3 Nd7 20. Rb1 Bb8 21. Re3 Ndxe5 22. Nxe5 Nxe5 23. h3 Bd6 24. f4 Ng6 25. g3 Ne7 26. Kg2 Bxa3 27. b4 a5 28. Rb3 axb4 29. Nxb5 bxc3 30. Rexc3 Rxc3 31. Bxc3 Bc5 32. Bb4 Bxb4 33. Rxb4 Nc6 34. Nc7 Ra2+ 0-1

[Event "Wloclawek CC Classic 20th"]
[Site "Wloclawek"]
[Date "2018.??.??"]
[Round "5"]
[White "Garbowski, Jerzy"]
[Black "Lapinski, Jerzy"]
[Result "1-0"]
[WhiteElo "1788"]
[BlackElo "1298"]
[PlyCount "45"]
[EventDate "2018.04.??"]
[EventType "swiss"]
[EventRounds "7"]
[EventCountry "POL"]
[SourceTitle "EXT 2021"]
[Source "ChessBase"]
[SourceDate "2020.10.23"]
[SourceVersion "1"]
[SourceVersionDate "2020.10.23"]
[SourceQuality "1"]

1. e4 c5 2. Nf3 d6 3. d4 cxd4 4. Nxd4 g6 5. Nc3 Bg7 6. Be3 Nf6 7. f3 0-0 8. Qd2 Re8 9. Bc4 Nc6 10. 0-0-0 a6 11. Kb1 Nxd4 12. Bxd4 b5 13. Bb3 Bb7 14. h4 e5 15. Be3 b4 16. Nd5 a5 17. Nxf6+ Bxf6 18. h5 g5 19. Qxd6 Qxd6 20. Rxd6 Ra6 21. Rhd1 h6 22. Rxa6 Bxa6 23. Rd6 1-0

[Event "Wloclawek CC Classic 20th"]
[Site "Wloclawek"]
[Date "2018.??.??"]
[Round "4"]
[White "Lapinski, Jerzy"]
[Black "Lyczko, Piotr"]
[Result "1-0"]
[WhiteElo "1298"]
[BlackElo "1146"]
[PlyCount "117"]
[EventDate "2018.04.??"]
[EventType "swiss"]
[EventRounds "7"]
[EventCountry "POL"]
[SourceTitle "EXT 2021"]
[Source "ChessBase"]
[SourceDate "2020.10.23"]
[SourceVersion "1"]
[SourceVersionDate "2020.10.23"]
[SourceQuality "1"]

1. d4 d5 2. c4 c6 3. Nf3 Nf6 4. Nc3 Bg4 5. e3 e6 6. a3 Be7 7. Bd3 dxc4 8. Bxc4 Nbd7 9. Bd3 0-0 10. h3 Bxf3 11. Qxf3 a5 12. 0-0 Qc7 13. e4 e5 14. d5 Nb6 15. dxc6 Qxc6 16. Bb5 Qc7 17. Be3 Nc4 18. Rac1 Nxe3 19. Qxe3 Qc5 20. Qe2 Rfd8 21. Nd5 Qd6 22. Nxe7+ Qxe7 23. a4 g6 24. Rc2 Rd4 25. f3 Nh5 26. Rfc1 Rad8 27. Qf2 Qg5 28. h4 Qf4 29. b3 Rd2 30. Qe1 Ng3 31. Bc4 Rxc2 32. Rxc2 Qxh4 33. Bd5 Kg7 34. Rc7 Qh1+ 35. Kf2 Qxe1+ 36. Kxe1 b6 37. Rxf7+ Kh6 38. Re7 Nh5 39. Rxe5 Rd6 40. Re6 Rxe6 41. Bxe6 Nf4 42. Bh3 Nxh3 43. gxh3 Kg5 44. Kf2 Kf4 45. h4 h5 46. Kg2 Ke5 47. Kg3 Ke6 48. Kf4 Kf6 49. Ke3 Ke5 50. f4+ Ke6 51. Kd4 Kd6 52. Kc4 Kc6 53. e5 Kc7 54. Kd5 Kd7 55. e6+ Kc7 56. Ke5 Kd8 57. Kf6 Ke8 58. Kxg6 Ke7 59. f5 1-0

[Event "Poznan op 25th"]
[Site "Poznan"]
[Date "2017.08.25"]
[Round "7"]
[White "Lapinski, Jerzy"]
[Black "Kaluzny, Stanislaw"]
[Result "1-0"]
[WhiteElo "1280"]
[BlackElo "1361"]
[PlyCount "93"]
[EventDate "2017.08.20"]
[EventType "swiss"]
[EventRounds "9"]
[EventCountry "POL"]
[SourceTitle "CBM 180 Extra"]
[Source "ChessBase"]
[SourceDate "2017.10.06"]
[SourceVersion "1"]
[SourceVersionDate "2017.10.06"]
[SourceQuality "1"]

1. d4 d5 2. c4 c6 3. Nc3 e6 4. Nf3 Nf6 5. Bf4 Be7 6. h3 Nbd7 7. e3 0-0 8. Bd3 b6 9. 0-0 Bb7 10. Re1 Rc8 11. e4 c5 12. e5 Ne8 13. Nb5 a6 14. Nc3 cxd4 15. Nxd4 dxc4 16. Bc2 b5 17. Qh5 g6 18. Qe2 Ng7 19. Ne4 Qb6 20. Rad1 Rcd8 21. Nf3 Nf5 22. Kh2 Nh4 23. Nxh4 Bxh4 24. g3 Be7 25. h4 Qc6 26. Rg1 Nc5 27. Nd6 Bxd6 28. exd6 f6 29. Qg4 Kg7 30. h5 f5 31. Be5+ Rf6 32. Qg5 Nd7 33. h6+ Kf7 34. Bxf6 Nxf6 35. Qf4 Ng4+ 36. Kh3 Nf6 37. g4 Bc8 38. Rg3 Nd5 39. Qe5 Nf6 40. g5 Nh5 41. Re3 Rxd6 42. Qxd6 Qxd6 43. Rxd6 Nf4+ 44. Kh2 Nd5 45. Re2 Nf4 46. Red2 Nd5 47. Rd8 1-0

[Event "Wloclawek CC Classic 15th"]
[Site "Wloclawek"]
[Date "2016.??.??"]
[Round "4"]
[White "Jarocka, Liwia"]
[Black "Lapinski, Jerzy"]
[Result "1-0"]
[WhiteElo "1595"]
[BlackElo "1547"]
[PlyCount "53"]
[EventDate "2016.01.??"]
[EventType "swiss"]
[EventRounds "7"]
[EventCountry "POL"]
[SourceTitle "EXT 2021"]
[Source "ChessBase"]
[SourceDate "2020.10.23"]
[SourceVersion "1"]
[SourceVersionDate "2020.10.23"]
[SourceQuality "1"]

1. e4 c5 2. Nf3 d6 3. d4 cxd4 4. Nxd4 Nf6 5. Nc3 a6 6. f3 e6 7. Be3 Be7 8. Qd2 b5 9. 0-0-0 0-0 10. g4 e5 11. Nf5 Bxf5 12. exf5 d5 13. Nxd5 Nxd5 14. Qxd5 Qxd5 15. Rxd5 f6 16. Bd3 Nc6 17. Be4 Rad8 18. Rhd1 h6 19. Kb1 Kh8 20. c3 Rc8 21. Rd7 Bd8 22. Bxc6 Rxc6 23. Rxd8 Kg8 24. Kc2 b4 25. R1d3 bxc3 26. Rxf8+ Kxf8 27. Rxc3 1-0